00373nam a22001457a 4500003000400000008004100004020001800045082001400063100002000077245004900097250001100146260002900157300001500186650002600201OSt250402b |||||||| |||| 00| 0 eng d a9789390128228 a378.2 MOS aMOHANTY,Pitabas aSpreadsheet Skills for finance Professionals a2nd Ed aNew DelhibTaxmannc2020 a10.32 MISC afinance Professionals